[Event "Landesliga Sued 1718"]
[Site "Bayern"]
[Date "2018.04.15"]
[Round "9.8"]
[White "Kraft, Tom"]
[Black "Herrmann, Luca"]
[Result "1/2-1/2"]
[WhiteElo "1857"]
[BlackElo "1953"]
[PlyCount "51"]
[EventDate "2017.10.22"]
[EventType "team-tourn"]
[EventRounds "9"]
[EventCountry "GER"]
[SourceTitle "EXT 2022"]
[Source "ChessBase"]
[SourceDate "2021.10.06"]
[SourceVersion "1"]
[SourceVersionDate "2021.10.06"]
[SourceQuality "1"]
[WhiteTeam "Unterhaching"]
[BlackTeam "Muenchen Tarrasch"]
[WhiteTeamCountry "GER"]
[BlackTeamCountry "GER"]

1. d4 Nf6 2. Nf3 g6 3. c4 c5 4. d5 b5 5. cxb5 a6 6. bxa6 Bg7 7. Nc3 0-0 8. e4 Qa5 9. Bd2 d6 10. Nb5 Qb6 11. a7 Na6 12. Qc2 Bd7 13. a4 Nc7 14. Be2 Nxb5 15. axb5 Rxa7 16. 0-0 Rfa8 17. Ra6 Rxa6 18. bxa6 Ne8 19. Bc3 Nc7 20. Bxg7 Kxg7 21. Qc3+ Kg8 22. Ra1 Bb5 23. Bxb5 Qxb5 24. a7 Na6 25. Qa5 Qxa5 26. Rxa5 1/2-1/2

[Event "Bayern-chI Bank Hofmann 19th"]
[Site "Bad Wiessee"]
[Date "2015.10.31"]
[Round "1"]
[White "Baklan, Vladimir"]
[Black "Kraft, Tom"]
[Result "1-0"]
[WhiteElo "2617"]
[BlackElo "1965"]
[PlyCount "97"]
[EventDate "2015.10.31"]
[EventType "swiss"]
[EventRounds "9"]
[EventCountry "GER"]
[SourceTitle "CBM 169 Extra"]
[Source "ChessBase"]
[SourceDate "2015.12.18"]
[SourceVersion "1"]
[SourceVersionDate "2015.12.18"]
[SourceQuality "1"]

1. e4 e6 2. d4 d5 3. Nd2 Nf6 4. e5 Nfd7 5. Bd3 c5 6. c3 Nc6 7. Ne2 Qb6 8. Nf3 cxd4 9. cxd4 f6 10. exf6 Nxf6 11. 0-0 Bd6 12. Rb1 0-0 13. Bf4 Qc7 14. Bg3 Bxg3 15. Nxg3 Bd7 16. b4 e5 17. dxe5 Nxe5 18. Be2 Ng6 19. Qd4 Nf4 20. Rfc1 Nxe2+ 21. Nxe2 Qb6 22. h3 Bf5 23. Rb2 Rac8 24. Rc5 Rfe8 25. Ng3 Bd7 26. Ne5 Qd6 27. f4 a6 28. Re2 b6 29. Rxc8 Rxc8 30. Kh2 h5 31. Ne4 Nxe4 32. Rxe4 Bf5 33. Re2 Rc2 34. Rxc2 Bxc2 35. a3 Qe6 36. Nf3 Be4 37. Ng5 Qf5 38. Qe3 Kf8 39. Kg1 Qf6 40. Qe2 Qa1+ 41. Kh2 Qf6 42. Qe3 Qf5 43. a4 Qf6 44. Nxe4 Qe6 45. a5 dxe4 46. axb6 Ke8 47. b7 Qd6 48. Qxe4+ Kd8 49. Qe5 1-0